Young marer Merliue (Record no. 1008379)

MARC details
000 -LEADER
fixed length control field 00449nam a2200181Ia 4500
008 - FIXED-LENGTH DATA ELEMENTS--GENERAL INFORMATION
fixed length control field 151018s9999 xx 000 0 und d
082 ## - DEWEY DECIMAL CLASSIFICATION NUMBER
Item number RBASDV5999
Classification number 920
100 ## - MAIN ENTRY--PERSONAL NAME
Personal name Gould Jean
245 ## - TITLE STATEMENT
Title Young marer Merliue
250 ## - EDITION STATEMENT
Remainder of edition statement 1
260 ## - PUBLICATION, DISTRIBUTION, ETC. (IMPRINT)
Name of publisher, distributor, etc Berlelay publishinh corporalism
Date of publication, distribution, etc 1956
300 ## - PHYSICAL DESCRIPTION
Extent 208
600 ## - SUBJECT ADDED ENTRY--PERSONAL NAME
Personal name Gould Jean
630 ## - SUBJECT ADDED ENTRY--UNIFORM TITLE
Uniform title Young marer Merliue
700 ## - ADDED ENTRY--PERSONAL NAME
Personal name Gould Jean
730 ## - ADDED ENTRY--UNIFORM TITLE
Uniform title Young marer Merliue
942 ## - ADDED ENTRY ELEMENTS (KOHA)
Koha item type Book
Holdings
Withdrawn status Lost status Damaged status Not for loan Home library Current library Date acquired Cost, normal purchase price Total Checkouts Full call number Barcode Date last seen Cost, replacement price Price effective from Koha item type
        R.B. Anant Shivaji Desai Vachanalaya and Granthalaya, Kudal R.B. Anant Shivaji Desai Vachanalaya and Granthalaya, Kudal 01/08/1965 7.00   RBASDV5999 RBASDV5999 10/18/2015 7.00 10/18/2015 Book